Catálogo
 En Linea

Tanks and armored fighting vehicles : (Registro nro. 42577)

Detalles MARC
000 -CABECERA
campo de control de longitud fija 00623nam a2200169 a 4500
001 - NÚMERO DE CONTROL
campo de control 000043088
005 - FECHA Y HORA DE LA ÚLTIMA TRANSACCIÓN
campo de control 20201002040629.0
008 - DATOS DE LONGITUD FIJA--INFORMACIÓN GENERAL
campo de control de longitud fija 140218s2009 enka 000 0 spa d
020 ## - NÚMERO INTERNACIONAL ESTÁNDAR DEL LIBRO
Número Internacional Estándar del Libro 9781906626723
040 ## - FUENTE DE LA CATALOGACIÓN
Centro catalogador/agencia de origen DO-SdBNP
Lengua de catalogación spa
Centro/agencia transcriptor BNPHU
082 ## - NÚMERO DE LA CLASIFICACIÓN DECIMAL DEWEY
Número de clasificación xxx
Número de documento/Ítem xxx
245 00 - MENCIÓN DE TÍTULO
Título Tanks and armored fighting vehicles :
Resto del título visual encyclopedia.
260 ## - PUBLICACIÓN, DISTRIBUCIÓN, ETC.
Lugar de publicación, distribución, etc. London :
Nombre del editor, distribuidor, etc. Amber Books,
Fecha de publicación, distribución, etc. 2009.
300 ## - DESCRIPCIÓN FÍSICA
Extensión 448 p. :
Otras características físicas il., ;
Dimensiones 29 cm.
500 ## - NOTA GENERAL
Nota general More than 1000 color illustrations
505 0# - NOTA DE CONTENIDO CON FORMATO
Nota de contenido con formato Introduction --
Título World War I --
-- Interwar --
-- World War II --
-- Postwar --
-- Cold War --
-- Late Cold War --
-- The modern era
-- Glosary --
-- Idex --
Existencias
Estado de retiro Estado de pérdida Restricciones de uso No para préstamo Código de colección Localización permanente Ubicación/localización actual Ubicación en estantería Fecha de adquisición Número de inventario Total de préstamos Signatura topográfica completa Código de barras Fecha visto por última vez Precio válido a partir de Tipo de ítem Koha
      Excluido de préstamo Monografías: Libros y Folletos General General En catalogación 18.02.2014 LF1   xxx xxx 43088-10 25.06.2020 25.06.2020 No se presta

Con tecnología Koha